Sovereign Microstates - Statistics

General Stats
  • This quiz has been taken 192 times
  • The average score is 7 of 8
Answer Stats
Microstate % Correct
Liechtenstein
98%
Vatican City
98%
Monaco
97%
Andorra
96%
San Marino
96%
Luxembourg
90%
Singapore
83%
Brunei
63%
No matching quizzes found
Score Distribution
Percent of People with Each Score
Percentile by Number Answered
Your Score History
You have not taken this quiz